| 000 | 01322cam a2200265 4500 | ||
|---|---|---|---|
| 001 | ##L135412 | ||
| 008 | 061025n2006 000 0 eng u | ||
| 020 | _a9781842193074 | ||
| 035 | _a(Sirsi) u135412 | ||
| 041 | 0 | _aeng | |
| 050 | 0 | 4 | _a692.8 $2 18 |
| 100 | 1 | _aAnvuur, A. | |
| 245 | 0 | 0 | _aWhich governs - the relationship or the contract? |
| 260 |
_aLondon _bRICS _c2006 |
||
| 490 | 0 |
_aCOBRA _v2006 |
|
| 520 | _aLooks at client's choices of contractual relations in the construction industry and examines the consequences of such choices. Considers whether the client's choice of contractual relationship is fit for purpose and examines the impact of this, with reference to a Hong Kong case study. Suggests that maintaining a high quality relationship as a strategic policy improves the quality and predictability of project performance and strengthens the contract. | ||
| 590 | _aIKA311006 | ||
| 651 | 4 |
_aEngland and Wales _y1543- |
|
| 690 | _aBUILT ENVIRONMENT-CONSTRUCTION MANAGEMENT-BUILDING CONTRACT ADMINISTRATION | ||
| 700 | 1 | _aKumaraswamy, M. | |
| 700 | 1 | _aMahesh, G. | |
| 711 | 2 |
_aConstruction and Building Research Conference _n(11th _d2006 _cLondon) |
|
| 856 | 4 | 0 |
_uhttps://www.rics.org/RICSWEB/getpage.aspx?p=0JD2Iv8BKEinpRiRpJNM1Q _zView the paper free of charge at www.rics.org... |
| 942 | _n0 | ||
| 999 |
_c106048 _d106048 |
||